Paint-by-Sporcle: Presidents' Initials Quiz Stats

 Plays Quiz Updated Apr 20, 2018

Also try: Kid Presidents
Challenge
Share
Tweet
Embed
Score 0/228 Timer 02:00
8 Plays Today
★ ★ ★ % Correct
Guess?
100%
☆☆
96.8%
DT
96.8%
☆☆
96.8%
☆☆
96.8%
☆☆☆
96.8%
☆☆
96.8%
☆☆☆☆
96.8%
☆☆
96.8%
☆☆☆
96.8%
☆☆
96.8%
☆☆
96.8%
☆☆☆
96.8%
☆☆
96.8%
GW
95.2%
████░░░░░░
95.1%
██████░░░░
95.1%
████████░░
95.1%
██████████
95.1%
██████████
95.1%
GB
82.7%
████░░░░░░
82.7%
░░██░░░░░░
82.7%
░░████░░░░
82.7%
░░████░░░░
82.7%
░░██████░░
82.7%
BO
82.6%
░░░░████░░
82.6%
░░░░░░████
82.6%
░░░░░░████
82.6%
░░░░░░░░░░
82.6%
░░░░░░░░░░
82.6%
JA
81.9%
░░░░░░░░░░
81.9%
░░░░░░░░░░
81.9%
░░░░██████
81.9%
░░████████
81.9%
████░░████
81.9%
AL
81.8%
░░░░░░████
81.8%
░░░░░░████
81.8%
░░░░░░████
81.8%
░░░░██████
81.8%
░░████████
81.8%
BC
74.2%
░░████████
74.2%
██████████
74.2%
██████░░██
74.2%
████░░██░░
74.2%
TJ
73.9%
██░░████░░
73.9%
██░░████░░
73.9%
░░░░████░░
73.9%
JK
72.4%
░░████████
72.4%
░░░░░░████
72.4%
░░░░██░░░░
72.4%
██████████
72.4%
██████████
72.4%
TR
69%
░░░░░░████
69%
░░░░░░████
69%
░░░░██████
69%
██████████
69%
FR
67.8%
██░░░░░░░░
67.8%
██░░░░░░░░
67.8%
██████░░░░
67.8%
██████░░░░
67.8%
██████░░░░
67.8%
RR
66%
████░░░░░░
66%
████░░░░░░
66%
██████░░░░
66%
██████░░░░
66%
JM
65%
★ ★ ★ % Correct
████████░░
65%
██████████
65%
██████████
65%
██████████
65%
██████████
65%
AJ
64.8%
░░░░░░░░░░
64.8%
░░░░░░░░░░
64.8%
░░░░░░░░░░
64.8%
░░░░░░░░██
64.8%
░░░░░░████
64.8%
░░████████
62.8%
RN
61%
░░░░░░░░░░
61%
░░░░░░░░░░
61%
██░░░░░░░░
61%
JC
59.6%
██░░░░░░░░
59.6%
██░░░░░░░░
59.6%
░░░░░░░░░░
59.6%
░░░░░░██░░
59.6%
░░░░░░░░░░
59.6%
DE
54.3%
░░░░░░░░██
54.3%
░░░░██████
54.3%
██████████
54.3%
████████░░
54.3%
██████░░░░
54.3%
░░░░░░░░░░
52.4%
░░░░░░░░░░
52.4%
░░░░░░░░░░
52.4%
░░░░░░░░░░
52.4%
░░░░░░░░░░
52.4%
HT
52.4%
GF
52.3%
░░████░░░░
52.3%
░░░░██████
52.3%
██░░██████
52.3%
██░░██████
52.3%
████░░░░██
52.3%
HH
52.1%
██████████
52.1%
██████████
52.1%
██████████
52.1%
░░████████
52.1%
░░░░██████
52.1%
LJ
51%
██░░░░░░██
51%
░░░░░░░░██
51%
░░░░░░░░░░
51%
░░░░░░░░░░
51%
░░░░░░░░░░
51%
WH
49.8%
██████░░░░
49.8%
░░░░██░░░░
49.8%
░░░░██░░░░
49.8%
CC
48.9%
░░░░░░████
48.9%
░░░░██████
48.9%
██████████
48.9%
██████████
48.9%
██████████
48.9%
WW
48.5%
████░░░░░░
48.5%
████░░░░░░
48.5%
██░░░░░░░░
48.5%
UG
47.8%
██████████
47.8%
░░████░░░░
47.8%
██████░░░░
47.8%
MV
46.8%
░░░░░░████
46.8%
██░░░░████
46.8%
██████████
46.8%
██████████
46.8%
██████████
46.8%
★ ★ ★ % Correct
GC
46.6%
██████████
46.6%
██░░██░░░░
46.6%
██░░████░░
46.6%
████████░░
46.6%
░░██████░░
46.6%
JP
45.9%
██████████
45.9%
░░░░██████
45.9%
░░░░░░████
45.9%
░░░░░░████
45.9%
░░░░░░░░░░
45.9%
MF
41.6%
░░████████
41.6%
░░░░██████
41.6%
░░░░░░████
41.6%
░░████████
41.6%
████░░████
41.6%
JT
41.6%
░░░░░░░░░░
41.6%
░░░░░░░░░░
41.6%
░░░░░░░░░░
41.6%
████░░████
41.6%
████░░████
41.6%
░░░░░░░░░░
41.2%
░░░░░░░░░░
41.2%
░░░░░░░░░░
41.2%
░░░░░░░░░░
41.2%
JB
41.2%
██░░░░████
41.2%
WT
40.1%
████░░░░░░
40.1%
████░░░░░░
40.1%
████░░░░░░
40.1%
████░░░░░░
40.1%
BH
39.4%
██░░░░████
39.4%
██░░░░░░██
39.4%
░░██░░░░░░
39.4%
░░██░░░░░░
39.4%
░░████░░░░
39.4%
CA
39.3%
░░░░░░░░░░
39.3%
░░░░░░░░░░
39.3%
░░░░░░░░░░
39.3%
░░░░░░░░░░
39.3%
░░░░░░░░██
39.3%
FP
38.9%
██████░░░░
38.9%
████░░░░░░
38.9%
██░░░░░░░░
38.9%
██░░░░░░░░
38.9%
██░░░░░░░░
38.9%
ZT
37.7%
██░░░░░░░░
37.7%
████░░░░░░
37.7%
██████░░░░
37.7%
██████████
37.7%
WM
37.2%
██████░░░░
37.2%
████░░░░░░
37.2%
████░░░░░░
37.2%
████░░░░░░
37.2%
JG
35.5%
░░░░░░░░░░
35.5%
░░████████
35.5%
██████████
35.5%
██████████
35.5%
██████████
35.5%
░░░░░░░░░░
35.3%
RH
35.3%
██████████
35.3%
██████░░██
35.3%
████████░░
35.3%
██████████
35.3%
Lincoln
20.6%

You're not logged in!

Compare scores with friends on all Sporcle quizzes.
Join for Free
OR
Log In

You Might Also Like...

Show Comments

Extras

Top Quizzes Today


Score Distribution

Your Account Isn't Verified!

In order to create a playlist on Sporcle, you need to verify the email address you used during registration. Go to your Sporcle Settings to finish the process.

Report this User

Report this user for behavior that violates our Community Guidelines.

Details: